Využitie vodivého polyméru PEDOT:PSS pre prvky organickej elektroniky
Saved in:
| Main Author: | |
|---|---|
| Other Authors: | |
| Format: | Manuscript Book |
| Language: | Slovak |
| Published: |
2016
|
| Subjects: | |
| Online Access: | http://is.stuba.sk/zp/portal_zp.pl?podrobnosti=131060 |
| Tags: |
No Tags, Be the first to tag this record!
|
MARC
| LEADER | 00000ntm a22000003a 4500 | ||
|---|---|---|---|
| 001 | stuzp54431 | ||
| 003 | SK-STU | ||
| 005 | 20160721133026.6 | ||
| 007 | ta | ||
| 008 | 150427s2015----xo-----f-mn---000-0-slo-d | ||
| 040 | |a STU |b slo | ||
| 041 | 0 | |a slo | |
| 044 | |a xo | ||
| 100 | 1 | |a Nevřela, Juraj |u 033000 |k Z4 |4 aut |U FEI Fakulta elektrotechniky a informatiky |T FEI Ústav elektroniky a fotoniky |X 70100 |U E030 |Y 549 |7 A000070100 | |
| 242 | 0 | 1 | |a Applications of conductive polymer PEDOT: PSS for the elements of organic electronics |y eng |
| 245 | 1 | 0 | |a Využitie vodivého polyméru PEDOT:PSS pre prvky organickej elektroniky |
| 260 | |c 2016 | ||
| 300 | |a 43 s., príl., |b DVD | ||
| 650 | 4 | |a Tvarovanie PEDOT:PSS |2 slo | |
| 650 | 4 | |a Dopácia PEDOT:PSS |2 slo | |
| 650 | 4 | |a OLED |2 slo | |
| 650 | 4 | |a Patterning of PEDOT:PSS |2 eng | |
| 650 | 4 | |a Dopants |2 eng | |
| 650 | 4 | |a OLED |2 eng | |
| 700 | 1 | |a Weis, Martin |u 033000 |k Z2 |4 ths |U FEI Fakulta elektrotechniky a informatiky |T FEI Ústav elektroniky a fotoniky |X 10243 |U E030 |Y 549 |7 A000010243 | |
| 856 | 4 | |u http://is.stuba.sk/zp/portal_zp.pl?podrobnosti=131060 | |
| 996 | |b 284EP11367 |c E*DIPL- 11367 |l EE33 |s P |a 0 |w stuzp54431_0001 | ||
| SQL | |a stuzp54431 |b DDP |c SLO |d Využitie vodivého polyméru PEDOT:PSS pre prvky organickej elektroniky |e 70100 |f Nevřela, Juraj |g 033000 |h 10243 |i Weis, Martin |j 20160614 |k 1172 |l 03 |m http://is.stuba.sk/zp/portal_zp.pl?podrobnosti=131060 |n I-EN |o 5.2.13. elektronika | ||